00512 2200205 4500001002100000005001500021035002000036007000300056008004100059020001500100082001100115084001700126100002000143245004700163250001000210260004000220300002800260990000900288990000900297INLIS00000000000783420210331095131 a0010-0321001204ta210331 g | ind  a9793084820 a639.31 a639.31 KHA b0 aKhairuman, A.Md1 aBudi Daya Ikan Di Sawah /cKhairuman, A.Md acet.1 aJakarta :bAgromedia Pustaka,c2002 aviii, 72 hlm ;c23,5 cm a551a a551b